Internet Marketing : (Record no. 13715)
[ view plain ]
| 000 -LEADER | |
|---|---|
| fixed length control field | 00904cam a22002898a 4500 |
| 001 - CONTROL NUMBER | |
| control field | 14387551 |
| 005 - DATE AND TIME OF LATEST TRANSACTION | |
| control field | 20170206151729.0 |
| 008 - FIXED-LENGTH DATA ELEMENTS--GENERAL INFORMATION | |
| fixed length control field | 060523s2009 nyu | b 001 0 eng d |
| 010 ## - LIBRARY OF CONGRESS CONTROL NUMBER | |
| LC control number | 2006045777 |
| 020 ## - INTERNATIONAL STANDARD BOOK NUMBER | |
| International Standard Book Number | 9780273717409 |
| 040 ## - CATALOGING SOURCE | |
| Original cataloging agency | DLC |
| Transcribing agency | DLC |
| 042 ## - AUTHENTICATION CODE | |
| Authentication code | pcc |
| 050 00 - LIBRARY OF CONGRESS CALL NUMBER | |
| Classification number | HF5415.1265 |
| Item number | .I57 2006 |
| 082 ## - DEWEY DECIMAL CLASSIFICATION NUMBER | |
| Edition number | 22 |
| Classification number | 658.872 |
| Item number | CHA |
| 245 00 - TITLE STATEMENT | |
| Title | Internet Marketing : |
| Remainder of title | Strategy, Implementation and Practice / |
| Statement of responsibility, etc | Dave Chaffey ... [et al.]. |
| 250 ## - EDITION STATEMENT | |
| Edition statement | 4th ed. |
| 260 ## - PUBLICATION, DISTRIBUTION, ETC. (IMPRINT) | |
| Place of publication, distribution, etc | Harlow : |
| Name of publisher, distributor, etc | Financial Times Prentice Hall, |
| Date of publication, distribution, etc | c2009. |
| 263 ## - PROJECTED PUBLICATION DATE | |
| Projected publication date | 0606 |
| 300 ## - PHYSICAL DESCRIPTION | |
| Extent | xxxi, 702p.: |
| Other physical details | col. ill.; |
| Dimensions | 24 cm. |
| 504 ## - BIBLIOGRAPHY, ETC. NOTE | |
| Bibliography, etc | Includes bibliographical references and index. |
| 650 #0 - SUBJECT ADDED ENTRY--TOPICAL TERM | |
| Topical term or geographic name as entry element | Internet marketing. |
| 9 (RLIN) | 12828 |
| Source of heading or term | BUEsh |
| 650 #0 - SUBJECT ADDED ENTRY--TOPICAL TERM | |
| Topical term or geographic name as entry element | Internet. |
| 9 (RLIN) | 12829 |
| Source of heading or term | BUEsh |
| 651 ## - SUBJECT ADDED ENTRY--GEOGRAPHIC NAME | |
| Source of heading or term | BUEsh |
| 700 1# - ADDED ENTRY--PERSONAL NAME | |
| Personal name | Chaffey, Dave, |
| Dates associated with a name | 1963- |
| 9 (RLIN) | 12830 |
| 942 ## - ADDED ENTRY ELEMENTS (KOHA) | |
| Source of classification or shelving scheme | Dewey Decimal Classification |
| Item type | Book - Borrowing |
| Withdrawn status | Item status | Source of classification or shelving scheme | Damaged status | Not for loan | Vendor | Home library | Current library | Shelving location | Date acquired | Source of acquisition | Cost, normal purchase price | Serial Enumeration / chronology | Total Checkouts | Total Renewals | Full call number | Barcode | Date last seen | Date last borrowed | Koha item type |
|---|---|---|---|---|---|---|---|---|---|---|---|---|---|---|---|---|---|---|---|
| Dewey Decimal Classification | Alahram | Central Library | Central Library | First floor | 16/03/2010 | 199.00 | 302 | 5 | 9 | 658.872 CHA | 000019751 | 15/07/2025 | 14/04/2019 | Book - Borrowing |